Расчет упругих конструкций с использованием ЭВМ: пер. с англ.

Dades bibliogràfiques
Idioma:rus
Publicat: Ленинград, Судостроение, 1974
Format: MixedMaterials Llibre
KOHA link:https://koha.lib.tpu.ru/cgi-bin/koha/opac-detail.pl?biblionumber=205470

MARC

LEADER 00000nam1a2200000 4500
001 205470
005 20231031190447.0
035 |a (RuTPU)RU\TPU\book\223938 
090 |a 205470 
100 |a 20111209d1974 km y0rusy50 ca 
101 1 |a rus  |c eng 
102 |a RU 
200 1 |a Расчет упругих конструкций с использованием ЭВМ  |e пер. с англ. 
210 |a Ленинград  |c Судостроение  |d 1974 
801 1 |a RU  |b 63413507  |c 20111209 
801 2 |a RU  |b 63413507  |c 20111209  |g RCR 
942 |c BK